000
00488nam a2200169Ia 4500
008
090711s9999 xx 000 0 und d
082
_b
71461
100
_a
ओशो रजनीश
245
_a
ओशो पातंजलयोग 1
260
_c
1993
300
_a
288
600
_a
ओशो रजनीश
630
_a
ओशो पातंजलयोग 1
700
_a
ओशो रजनीश
730
_a
ओशो पातंजलयोग 1
942
_c
BOOK
999
_c
285699
_d
285699